logo

Bir Sreshtho Munshi Abdur Rouf Library
Jhenaidah Cadet College

Double Matthew Walker / (Record no. 8388)

MARC details
000 -LEADER
fixed length control field 00532nam a22002052i 4500
001 - CONTROL NUMBER
JCCL Control Number 8388
003 - CONTROL NUMBER IDENTIFIER
JCCL marc code BD - JhCC
005 - DATE AND TIME OF LATEST TRANSACTION
control field 20180717081757.0
008 - FIXED-LENGTH DATA ELEMENTS--GENERAL INFORMATION
fixed length control field 500101s1959 xxk j 000 0 eng d
035 ## - SYSTEM CONTROL NUMBER
system control number (BD - JhCC)8388
040 ## - CATALOGING SOURCE
Original cataloging agency UKM
Transcribing agency UKM
Modifying agency EQO
-- BD - JhCC
041 ## - LANGUAGE CODE
Language code of Book eng
082 ## - DEWEY DECIMAL CLASSIFICATION NUMBER
Classification number 823.91
DDC Edition number 18
Author mark and Year MAU 1959
100 1# - MAIN ENTRY--PERSONAL NAME
Personal name Maurice, John,
Dates associated with a name 1905-
245 10 - TITLE STATEMENT
Title Double Matthew Walker /
Statement of responsibility, etc illustrated by Robert Johnstone
260 ## - PUBLICATION, DISTRIBUTION, ETC. (IMPRINT)
Place of publication, distribution, etc Blackie,
Date of publication, distribution, etc 1959
300 ## - PHYSICAL DESCRIPTION
Pagination 223 p. :
Other physical details ill. ;
Dimensions 20 cm
942 ## - ADDED ENTRY ELEMENTS (KOHA)
Source of classification or shelving scheme Dewey Decimal Classification
Koha item type Books
Holdings
Source of classification or shelving scheme Damaged status Not for loan Home library Current library Shelving location Total Checkouts Full call number Barcode Date last seen Copy number Koha item type
Dewey Decimal Classification     JCC Rouf Library JCC Rouf Library General Stacks   823.91 MAU 1959 9303 02/22/2018 C - 1 Books

JCC Library | Contacts | JCC Home

Last Update on 23 September 2017
Copyright @ 2017-2020 JCC Rouf Library
Rouf Library, Jhenidah Cadet College (JCC), Bangladesh